[Event "GER-chT U16"]
[Site "Burg Stargard"]
[Date "2002.12.30"]
[Round "7.4"]
[White "Kunz, Chris Steven"]
[Black "Krebs, Martin"]
[Result "0-1"]
[WhiteElo "1101"]
[BlackElo "1557"]
[PlyCount "82"]
[EventDate "2002.12.27"]
[EventType "team"]
[EventRounds "7"]
[EventCountry "GER"]
[SourceTitle "CBM 092 Extra"]
[Source "ChessBase"]
[SourceDate "2003.03.07"]
[SourceVersion "1"]
[SourceVersionDate "2003.03.07"]
[SourceQuality "1"]

1. e4 c5 2. Nf3 Nc6 3. c4 d6 4. Nc3 Nf6 5. Be2 g6 6. d3 Bg7 7. Be3 0-0 8. 0-0 a6 9. Qd2 Ng4 10. Bf4 Rb8 11. h3 Nge5 12. Bh6 b5 13. cxb5 axb5 14. Bxg7 Kxg7 15. a3 Nxf3+ 16. Bxf3 Nd4 17. Bd1 Be6 18. Ne2 Nc6 19. Qc3+ Kg8 20. Bb3 Qd7 21. f4 Bxb3 22. Qxb3 Qa7 23. Kh1 Qa4 24. Qxa4 bxa4 25. Nc3 Ra8 26. f5 Rfb8 27. fxg6 hxg6 28. Rf2 Nd4 29. Nd5 Ra7 30. Raf1 f6 31. Nxf6+ exf6 32. Rxf6 Kh7 33. Rxd6 Rxb2 34. Re1 Re2 35. Rxe2 Nxe2 36. Rc6 Nf4 37. Rxc5 Nxd3 38. Rd5 Nf2+ 39. Kh2 Nxe4 40. Rd4 Nc3 41. Kg3 Ne2+ 0-1